<?xml version="1.0" encoding="UTF-8"?><?xml-stylesheet type="text/xsl" href="static/style.xsl"?><OAI-PMH xmlns="http://www.openarchives.org/OAI/2.0/" xmlns:xsi="http://www.w3.org/2001/XMLSchema-instance" xsi:schemaLocation="http://www.openarchives.org/OAI/2.0/ http://www.openarchives.org/OAI/2.0/OAI-PMH.xsd"><responseDate>2026-04-17T04:01:42Z</responseDate><request verb="GetRecord" identifier="oai:www.recercat.cat:2117/449605" metadataPrefix="marc">https://recercat.cat/oai/request</request><GetRecord><record><header><identifier>oai:recercat.cat:2117/449605</identifier><datestamp>2025-12-24T05:36:36Z</datestamp><setSpec>com_2072_1033</setSpec><setSpec>col_2072_452951</setSpec></header><metadata><record xmlns="http://www.loc.gov/MARC21/slim" xmlns:dcterms="http://purl.org/dc/terms/" xmlns:xsi="http://www.w3.org/2001/XMLSchema-instance" xmlns:doc="http://www.lyncode.com/xoai" xsi:schemaLocation="http://www.loc.gov/MARC21/slim http://www.loc.gov/standards/marcxml/schema/MARC21slim.xsd">
   <leader>00925njm 22002777a 4500</leader>
   <datafield ind2=" " ind1=" " tag="042">
      <subfield code="a">dc</subfield>
   </datafield>
   <datafield ind2=" " ind1=" " tag="720">
      <subfield code="a">Rodríguez Apaza, José Marcelo</subfield>
      <subfield code="e">author</subfield>
   </datafield>
   <datafield ind2=" " ind1=" " tag="260">
      <subfield code="c">2025-05-27</subfield>
   </datafield>
   <datafield ind2=" " ind1=" " tag="520">
      <subfield code="a">En este Trabajo de Final de Estudios presento mi experiencia y participación en el proyecto de construcción de un edificio plurifamiliar de 76 viviendas en L’Hospitalet de Llobregat donde he desarrollado el proyecto con el rol de jefe de Producción en la empresa constructora COPISA.

El objetivo de este proyecto es analizar el sistema constructivo del edifico y tener una visión general de las distintas tareas que realiza un jefe de Producción en un proyecto de edificación y los distintos problemas que han surgido a lo largo de su ejecución donde se presentan ejemplos reales.

Como resultado de este análisis he desarrollado un documento que ofrece una visión clara y estructurada de cómo ha funcionado esta obra y las funciones de un jefe de producción. Este documento puede ser consultado y servir de ayuda para proyectos similares.</subfield>
   </datafield>
   <datafield ind1="8" ind2=" " tag="024">
      <subfield code="a">http://hdl.handle.net/2117/449605</subfield>
   </datafield>
   <datafield tag="653" ind2=" " ind1=" ">
      <subfield code="a">Àrees temàtiques de la UPC::Edificació::Gestió d'obres</subfield>
   </datafield>
   <datafield tag="653" ind2=" " ind1=" ">
      <subfield code="a">Architectural practice</subfield>
   </datafield>
   <datafield tag="653" ind2=" " ind1=" ">
      <subfield code="a">Apartment houses</subfield>
   </datafield>
   <datafield tag="653" ind2=" " ind1=" ">
      <subfield code="a">Arquitectura--Pràctica professional</subfield>
   </datafield>
   <datafield tag="653" ind2=" " ind1=" ">
      <subfield code="a">Cases de pisos -- Catalunya -- L'Hospitalet de Llobregat</subfield>
   </datafield>
   <datafield ind2="0" ind1="0" tag="245">
      <subfield code="a">Proceso constructivo de un edificio de 76 viviendas en L'Hospitalet de Llobregat</subfield>
   </datafield>
</record></metadata></record></GetRecord></OAI-PMH>